000 00824nam a22001815i 4500
001 162507
003 ES-MaACL
005 20250830221256.0
008 991210s1874 fr |||| | fre d
040 _aCCPB | B
_bspa
_cCCPB | B
100 1 _aPoussin, Guillaume Tell (
_d1794-1876)
_9131330
245 1 4 _aLes Etas-Unis d'Amérique :
_bmoeurs, usages et coutumes politiques : force militaire : plan de la défense générale : résumé de la prospérité actuelle de l'Union : son avenir : étude historique et d'économie politique : 1815-1873 /
_cpar le Major Poussin,...
260 _aParis :
_bTypographie et lithographie V\pes\s Renou, Maulde et Cock,
_c1874.
300 _a241 p. ;
_c23 cm.
651 4 _aEstados Unidos-
_xDescripción
_98538
852 _aES-MaACL
_jG-3656
_z-- Enc. hol.
999 _c162507
_d162507